书目信息 |
| 题名: |
周易
|
|
| 作者: | 杨天才 译注 | |
| 分册: | ||
| 出版信息: | 北京 中华书局 2022.02 |
|
| 页数: | 687页 | |
| 开本: | 20cm | |
| 丛书名: | 中华经典名著全本全注全译丛书 | |
| 单 册: | ||
| 中图分类: | B221.2 | |
| 科图分类: | ||
| 主题词: | 先秦哲学 | |
| 电子资源: | ||
| ISBN: | 978-7-101-15641-6 | |
| 000 | 00654nam0 2200229 45 | |
| 001 | 2358257223 | |
| 005 | 20230228152007.30 | |
| 010 | @a978-7-101-15641-6@b精装@dCNY 49.00 | |
| 100 | @a20230227d2022 km y0chiy0120 ea | |
| 101 | 0 | @achi |
| 102 | @aCN@b110000 | |
| 200 | 1 | @a周易@Azhou yi@f杨天才译注@Fyang tian cai yi zhu |
| 205 | @a2版 | |
| 210 | @a北京@c中华书局@d2022.02 | |
| 215 | @a687页@d20cm | |
| 225 | 2 | @a中华经典名著全本全注全译丛书 |
| 410 | 0 | @12001 @a中华经典名著全本全注全译丛书 |
| 606 | 0 | @a先秦哲学 |
| 690 | @aB221.2@v4 | |
| 701 | 0 | @a杨天才@Ayang tian cai@4译注 |
| 801 | 0 | @aCN@b河南城建学院图书馆@c20230227 |
| 905 | @dB221.2@eY280=2 | |
| 周易/杨天才译注.-2版.-北京:中华书局,2022.02 |
| 687页;20cm.-(中华经典名著全本全注全译丛书) |
| ISBN 978-7-101-15641-6(精装):CNY 49.00 |
| ● |
| 相关链接 |
|
|
|
正题名:周易
索取号:B221.2/Y280=2
 
预约/预借
| 序号 | 登录号 | 条形码 | 馆藏地/架位号 | 状态 | 备注 |
| 1 | 1505976 | 215059763 | 马克思主义学院资料室/ [索取号:B221.2/Y280=2] | 在馆 |